LEADER 00989nam a2200253 u 4500 001 000000047781 003 CaOOAMICUS 005 20070226114925.0 008 000203s1979 it u000 u ita u 035 $a10840495 040 $aMSA$bita 100 1 $aMazzarelli, Valeria.$0(OLS)http://pul/name/34705 245 13$aLe convenzioni urbanistiche /$cValeria Mazzarelli. 260 $aBologna :$bIl Mulino,$c1979. 300 $a341 p. ;$c23 cm 490 1 $aStudi e ricerche ;$v91 504 $aBibliografia in nota. 650 4$aUrbanistica.$0(OLS)http://pul/subject/3430 830 0$aStudi e ricerche (Il Mulino) ;$v101.$0(OLS)http://pul/title/1250 850 $aPUL 852 $aPUL$W1$xDP1 Cons. Gen., Altre Classi 1$y22$m143 E 55$j63795$nBK-PRI$b $qStampati$B63795$CPULBib$Z2$F63795 $HPUL64342 $81 941 1 $a8 996 $6245$aLe convenzioni urbanistiche$9(OLS)http://pul/title/64322 996 $6260$aBologna :$bIl Mulino$9(OLS)http://pul/publisher/47928 LEADER 01490nam a2200265 u 4500 001 000000042801 003 CaOOAMICUS 005 20140527113811.0 008 990309s1995 vc c u000 u ita u 035 $a10816794 040 $aPUL(R)$bita 245 04$aLa "Dei verbum" trent'anni dopo :$bmiscellanea in onore di Padre Umberto Betti o.f.m. /$cscritti di Giuseppe Lorizio [et al] ; a cura di Nicola Ciola. 260 $aRoma :$bLibreria pontificia Universitā Lateranense,$c1995. 300 $a375 p. :$britr.; ;$c24 cm 500 $aMiscellanea in onore di Padre Umberto Betti pubblicata in "Lateranum" LXI(1995), 2-3. 504 $aBibliografia a pič pagina. 600 04$aBetti, Umberto,$cO.F.M.,$d1922-$0(OLS)http://pul/subject/18949 700 1 $aLorizio, Giuseppe,$csacerdote,$d1952-$0(OLS)http://pul/name/27 700 1 $aCiola, Nicola,$csacerdote,$d1952-$0(OLS)http://pul/name/1596 850 $aPUL 852 $aPUL$W1$xDP1 Altre Collocazioni$y17$mSenza collocazione$j12$nBK-PRI$b $qStampati$B57762$CPULBib$Z2$F57762 $H $81 852 $aPUL$W1$xSL Diritto e Scienze Sociali 1$y4$m208 A 2.20bis$j57761$nBK-PRI$qStampati$q $B57761$CPULBib$Z2$F57761 $Hnull $81 941 1 $a8 996 $6245$aLa "Dei verbum" trent'anni dopo :$bmiscellanea in onore di Padre Umberto Betti o.f.m.$9(OLS)http://pul/title/57737 996 $6260$aRoma :$bLibreria pontificia Universitā Lateranense$9(OLS)http://pul/publisher/65020